Score 0/20 Timer 03:00
0 Plays Today
Song Title Missing Word % Correct
I've Got You ____ My SkinUnder
97.3%
Fly ____ to the MoonMe
96.5%
____ and DayNight
95.4%
The ____ Is a TrampLady
94.7%
____ WayMy
94.4%
The Way You ____ TonightLook
94.1%
I Get a ____ Out of YouKick
91.6%
Come ____ with MeFly
86.7%
The ____ From IpanemaGirl
85.3%
My ____ of TownKind
84.6%
Song Title Missing Word % Correct
New ____ New ____York
81.9%
For ____ in My LifeOnce
81.8%
I've Got the World On A ____String
80.1%
____ Rain or ____ ShineCome
79.1%
It Was A Very Good ____Year
77.1%
From This ____ OnMoment
73.9%
____ In The NightStrangers
72.5%
That's ____Life
67.4%
Something ____Stupid
38%
Summer ____Wind
37%

Today's Daily Dose

Missing Word
'T' Pairs

Word Ladder
Game Pieces

Get the Picture
Baseball Movies

Remove Ads.
Support Sporcle.
Get the best of Sporcle when you Go Orange. This ad-free experience offers more features, more stats, and more fun while also helping to support Sporcle. Thank you for becoming a member.

You're not logged in!

Compare scores with friends on all Sporcle quizzes.
OR
Log In

Show Comments

Extras

Top Quizzes Today


Score Distribution

Your Account Isn't Verified!

In order to create a playlist on Sporcle, you need to verify the email address you used during registration. Go to your Sporcle Settings to finish the process.

Report this User

Report this user for behavior that violates our Community Guidelines.

Details: